Utah Basketball: Leading Scorer Every Year - Statistics

General Stats
  • This quiz has been taken 7 times
    4 since last reset
  • The average score is 25 of 76
Answer Stats
Year Player Average % Correct
1998-1999 Andre Miller 15.8
75%
1993-1994 Keith Van Horn 18.3
75%
1994-1995 Keith Van Horn 21.0
75%
1995-1996 Keith Van Horn 21.4
75%
1996-1997 Keith Van Horn 22.0
75%
2004-2005 Andrew Bogut 20.4
50%
2021-2022 Branden Carlson 13.6
50%
2022-2023 Branden Carlson 16.3
50%
2023-2024 Branden Carlson 17.0
50%
1978-1979 Danny Vranes 16.5
50%
2015-2016 Jakob Poeltl 17.2
50%
1964-1965 Jerry Chambers 19.5
50%
1965-1966 Jerry Chambers 28.8
50%
1989-1990 Josh Grant 16.5
50%
1990-1991 Josh Grant 17.5
50%
1992-1993 Josh Grant 17.3
50%
2016-2017 Kyle Kuzma 16.4
50%
1979-1980 Tom Chambers 17.2
50%
1980-1981 Tom Chambers 18.6
50%
1948-1949 Vern Gardner 15.9
50%
1947-1948 Arnie Ferrin 14.1
25%
1954-1955 Art Bunte 19.2
25%
1955-1956 Art Bunte 21.9
25%
1959-1960 Billy McGill 15.5
25%
1960-1961 Billy McGill 27.8
25%
1961-1962 Billy McGill 38.8
25%
1952-1953 Bruce Goodrich 14.0
25%
2005-2006 Bryant Markson 13.2
25%
2009-2010 Carlon Brown 12.6
25%
2001-2002 Chris Burgess 13.2
25%
2013-2014 Delon Wright 15.5
25%
2014-2015 Delon Wright 14.5
25%
1957-1958 DeLyle Condie 10.7
25%
1963-1964 Doug Moon 17.5
25%
1971-1972 Eddie Trail 14.1
25%
1949-1950 Glen Smith 13.0
25%
1950-1951 Glen Smith 15.5
25%
1951-1952 Glen Smith 18.9
25%
1999-2000 Hanno Mottola 17.0
25%
2012-2013 Jared DuBois 12.4
25%
1975-1976 Jeff Judkins 19.4
25%
1976-1977 Jeff Judkins 20.6
25%
1977-1978 Jeff Judkins 18.5
25%
1985-1986 Jerry Stroman 18.0
25%
2011-2012 Josh Watkins 15.6
25%
2017-2018 Justin Bibbins 14.8
25%
1983-1984 Kelvin Upshaw 14.6
25%
1984-1985 Kelvin Upshaw 17.4
25%
2000-2001 Kevin Bradley 10.7
25%
2006-2007 Luke Nevill 16.8
25%
2007-2008 Luke Nevill 15.2
25%
2008-2009 Luke Nevill 16.8
25%
1972-1973 Luther Burden 13.8
25%
1973-1974 Luther Burden 23.7
25%
1974-1975 Luther Burden 28.7
25%
1966-1967 Mervin Jackson 19.3
25%
1967-1968 Mervin Jackson 23.9
25%
1997-1998 Michael Doleac 16.1
25%
1968-1969 Mike Newlin 21.2
25%
1969-1970 Mike Newlin 26.0
25%
1970-1971 Mike Newlin 21.8
25%
1956-1957 Milt Kane 16.6
25%
1986-1987 Mitch Smith 16.8
25%
1987-1988 Mitch Smith 14.6
25%
1988-1989 Mitch Smith 14.7
25%
1953-1954 Morris Buckwalter 9.5
25%
2002-2003 Nick Jacobson 13.3
25%
2003-2004 Nick Jacobson 16.5
25%
1982-1983 Pace Mannion 13.9
25%
1991-1992 Paul Afeaki 12.3
25%
1958-1959 Pearl Pollard 12.5
25%
1981-1982 Peter Williams 13.6
25%
2018-2019 Sedrick Barefield 16.8
25%
2019-2020 Timmy Allen 17.3
25%
2020-2021 Timmy Allen 17.2
25%
2010-2011 Will Clyburn 17.1
25%
No matching quizzes found
Score Distribution
Percent of People with Each Score
Percentile by Number Answered
Your Score History
You have not taken this quiz since the last reset